000
00285nam a22001337a 4500
008
181203b xxu||||| |||| 00| 0 eng d
020
_a
9780130478917
041
_a
eng
080
_a
004
100
_a
39
101
_a
SHK
245
_a
Advanced Javascript
_c
Dan.L
942
_2
udc
_c
BK
999
_c
52703
_d
52703